| 000 | 00799nam a2200265Ia 4500 | ||
|---|---|---|---|
| 003 | OSt | ||
| 005 | 20221006142523.0 | ||
| 006 | a|||||r|||| 00| 0 | ||
| 007 | ta | ||
| 008 | 221006b |||||||| |||| 00| 0 eng d | ||
| 020 |
_c _27.50(each) |
||
| 024 | _a6,515 | ||
| 037 | _cTextual | ||
| 040 |
_aEASL _cEASL _beng |
||
| 041 |
_2eng _aeng |
||
| 082 | _aY:1v41L,N, H7. | ||
| 100 | _aROCK Joseph F | ||
| 245 | 0 | _aAncient na-khi kingdom of southwest China, 2 Vols. | |
| 260 |
_aCambridge _bHarvard University Press _c1947 |
||
| 300 |
_a554p. _ccm. |
||
| 490 |
_v1: Published for the Harvard-Yenching Institute 1 CEL _aHarvard-Yenching Institute Monograph Series, 8 and 9 |
||
| 650 | _aCEL | ||
| 942 |
_hY:1v41L,N, H7. _cTEXL _2CC |
||
| 999 |
_c1074601 _d1074601 |
||